Great Literature #18 - Statistics

General Stats
  • This quiz has been taken 190 times
  • The average score is 8 of 20
Answer Stats
Hint Explanation Answer % Correct
The Three Musketeers 1844 (Les Trois Mousquetaires) Alexandre Dumas
95%
The Road 2006 Cormac McCarthy
74%
The Long Goodbye 1953 Raymond Chandler
63%
Lucky Jim 1954 Kingsley Amis
55%
Berlin Alexanderplatz 1929 Alfred Döblin
51%
A Modest Proposal 1729 Jonathan Swift
48%
An Enquiry Concerning Human Understanding 1748 David Hume
46%
De Rerum Natura 1st century BCE Lucretius
46%
An American Tragedy 1925 Theodore Dreiser
43%
The Immortal Life of Henrietta Lacks 2010 Rebecca Skloot
42%
Capitalism and Freedom 1962 Milton Friedman
39%
The Amazing Adventures of Kavalier and Clay 2000 Michael Chabon
38%
If on a Winter's Night a Traveller 1979 (Se una notte d'inverno un viaggiatore>) Italo Calvino
36%
Testament of Youth 1933 Vera Brittain
33%
The Constitution of Liberty 1960 Friedrich von Hayek
21%
The Power Broker 1974 Robert Caro
21%
The Book of Disquiet 1982 Fernando Pessoa
19%
Nadja 1928 André Breton
16%
Capitalism, Socialism, and Democracy 1942 Joseph A. Schumpeter
13%
Modern Times 1983 Paul Johnson
11%
No matching quizzes found
Score Distribution
Percent of People with Each Score
Percentile by Number Answered
Your Score History
You have not taken this quiz